Music Quiz

Random Music or Song Quiz

Name The Song By The Lyrics Quiz Stats

 Plays Quiz not verified by Sporcle

Challenge
Share
Tweet
Embed
Score 0/10 Timer 10:00
0 Plays Today
Chorus Song % Correct
Just Gonna Stand There And Watch Me BurnLove The Way You Lie
81%
I Guess She Like Xbox And Im More Like AtariForget You
61.9%
Ive Got Two Tickets To Iron Maiden BabyTeenage Dirtbag
47.6%
If I Could Fall Into The Sky, Do You Think Time Would Pass Me ByA Thousand Miles
38.1%
28.6%
Its A Beautiful Night, We're Looking For Somthing Dumb To DoMarry You
28.6%
I Lied Its Drum And Bass, What Ya Gonna DoBlood Sugar
14.3%
You Make Me Feel Like The One Dakota
4.8%
Singing; This Is My Message To You3 Little Birds
4.8%
Got Your Passport And Your BikiniHoliday
0%

You're not logged in!

Compare scores with friends on all Sporcle quizzes.
Join for Free
OR
Log In

You Might Also Like...

Show Comments

Extras

Created Aug 27, 2012ReportNominate
Tags:Song Quiz, chord

Top Quizzes Today


Score Distribution

Your Account Isn't Verified!

In order to create a playlist on Sporcle, you need to verify the email address you used during registration. Go to your Sporcle Settings to finish the process.

Report this User

Report this user for behavior that violates our Community Guidelines.

Details: